| 000 | 00584nam a22002177a 4500 | ||
|---|---|---|---|
| 005 | 20250910162804.0 | ||
| 008 | 250910b |||||||| |||| 00| 0 eng d | ||
| 020 | _a978934015005 | ||
| 040 | _cAL | ||
| 041 | _aEnglish | ||
| 082 |
_a323.054 _bRATB |
||
| 100 |
_aRatanlal _9238541 |
||
| 245 | _aBharatiya Nagarik Suraksha Sanhita 2023 | ||
| 250 | _a24 | ||
| 260 |
_aGurgaon _bLexisNexis _c2025 |
||
| 300 |
_accviii,1402p. _bPB _c24x16cm. |
||
| 365 |
_a583 _b₹1121.25 _c₹ _d1495.00 _e25% _f03-09-2025 |
||
| 650 |
_aLaw _9238542 |
||
| 700 |
_aDhirajlal _9238543 |
||
| 942 |
_2ddc _cBK |
||
| 999 |
_c240428 _d240428 |
||